New moon : (Record no. 344808)
[ view plain ]
| 000 -LEADER | |
|---|---|
| fixed length control field | 00859nam a2200313Ia 4500 |
| 008 - FIXED-LENGTH DATA ELEMENTS--GENERAL INFORMATION | |
| fixed length control field | 171025s9999 xx 000 0 und d |
| 020 ## - INTERNATIONAL STANDARD BOOK NUMBER | |
| International Standard Book Number | 9780316075800 |
| 050 ## - LIBRARY OF CONGRESS CALL NUMBER | |
| Classification number | 791.43 |
| 050 ## - LIBRARY OF CONGRESS CALL NUMBER | |
| Item number | V393 2009 |
| 100 ## - MAIN ENTRY--PERSONAL NAME | |
| Personal name | Vaz, Mark Cotta |
| 245 ## - TITLE STATEMENT | |
| Title | New moon : |
| 245 ## - TITLE STATEMENT | |
| Remainder of title | the official illustrated movie companion / |
| 245 ## - TITLE STATEMENT | |
| Statement of responsibility, etc | by Mark Cotta Vaz ; novel by Stephenie Meyer. |
| 250 ## - EDITION STATEMENT | |
| Edition statement | First edition |
| 260 ## - PUBLICATION, DISTRIBUTION, ETC. (IMPRINT) | |
| Place of publication, distribution, etc | USA : |
| 260 ## - PUBLICATION, DISTRIBUTION, ETC. (IMPRINT) | |
| Name of publisher, distributor, etc | Little, Brown and company, |
| 260 ## - PUBLICATION, DISTRIBUTION, ETC. (IMPRINT) | |
| Date of publication, distribution, etc | 2009 |
| 300 ## - PHYSICAL DESCRIPTION | |
| Extent | 141 pages : |
| 300 ## - PHYSICAL DESCRIPTION | |
| Other physical details | colored illustrations ; |
| 300 ## - PHYSICAL DESCRIPTION | |
| Dimensions | 27cm. |
| 440 ## - SERIES STATEMENT/ADDED ENTRY--TITLE | |
| Title | The twilight saga. |
| 650 ## - SUBJECT ADDED ENTRY--TOPICAL TERM | |
| Topical term or geographic name as entry element | Motion pictures -- |
| 650 ## - SUBJECT ADDED ENTRY--TOPICAL TERM | |
| Topical term or geographic name as entry element | New moon (Motion picture : 2009). |
| 650 ## - SUBJECT ADDED ENTRY--TOPICAL TERM | |
| Topical term or geographic name as entry element | Twilight : tentation (Film). |
| 650 ## - SUBJECT ADDED ENTRY--TOPICAL TERM | |
| General subdivision | Setting and scenery. |
| 700 ## - ADDED ENTRY--PERSONAL NAME | |
| Personal name | Meyer, Stephenie. |
| 700 ## - ADDED ENTRY--PERSONAL NAME | |
| Personal name | Series. |
| 700 ## - ADDED ENTRY--PERSONAL NAME | |
| Personal name | Title. |
| Withdrawn status | Lost status | Damaged status | Home library | Current library | Date acquired | Total Checkouts | Full call number | Barcode | Date last seen | Price effective from | Koha item type |
|---|---|---|---|---|---|---|---|---|---|---|---|
| Stonyhurst Southville International School (Malarayat) | Stonyhurst Southville International School (Malarayat) | 10/25/2017 | NF 791.43 V393 2009 | SSISM3861 | 10/25/2017 | 10/25/2017 | Books |